000 00741nam a2200265I 4500
999 _c5935
_d5935
001 21867
003 GBCCL
005 20241126110552.0
008 770627s1966 xx 000 0 eng
010 _a 66010848
035 _a(OCoLC)03077316
040 _aDLC
_cOCP
049 _aLBBK
050 0 _aBV4277
_b.V5
082 _a252
_bVIE
092 _a232.96
_bV666
100 1 _aViets, Wallace T.
_910743
245 1 0 _aMy God, why?:
_bAnd other questions from the Passion
_cWallace T. Viets.
260 _aNashville,
_bAbingdon Press
_c[1966]
300 _a112 p.
_c19 cm.
504 _aBibliographical references included in "Notes" (p. 111-112)
650 0 _aLenten sermons.
_910744
650 0 _aSermons
_96067
942 _2ddc
_cBK
_01